Người đoán giấc mơ : Tập truyện ngắn
שמור ב:
| מחבר ראשי: | |
|---|---|
| פורמט: | ספר |
| שפה: | Undetermined |
| יצא לאור: |
Hà Nội
Hội nhà văn
2018
|
| נושאים: | |
| תגים: |
הוספת תג
אין תגיות, היה/י הראשונ/ה לתייג את הרשומה!
|
| Thư viện lưu trữ: | Trung tâm Học liệu Trường Đại học Cần Thơ |
|---|
| LEADER | 00608nam a2200193Ia 4500 | ||
|---|---|---|---|
| 001 | CTU_228829 | ||
| 008 | 210402s9999 xx 000 0 und d | ||
| 082 | |a 895.9223 | ||
| 082 | |b Ph561 | ||
| 100 | |a Nguyễn, Thị Mai Phương | ||
| 245 | 0 | |a Người đoán giấc mơ : | |
| 245 | 0 | |b Tập truyện ngắn | |
| 245 | 0 | |c Nguyễn Thị Mai Phương | |
| 260 | |a Hà Nội | ||
| 260 | |b Hội nhà văn | ||
| 260 | |c 2018 | ||
| 650 | |a Truyện ngắn Việt Nam,Short stories, Vietnamese | ||
| 910 | |b nthai | ||
| 980 | |a Trung tâm Học liệu Trường Đại học Cần Thơ | ||